Asamiya bhashar shikshan paddhati/ (Record no. 11099)

MARC details
000 -LEADER
fixed length control field 00599nam a22002177a 4500
005 - DATE AND TIME OF LATEST TRANSACTION
control field 20201128140738.0
008 - FIXED-LENGTH DATA ELEMENTS--GENERAL INFORMATION
fixed length control field 201128b ||||| |||| 00| 0 eng d
020 ## - INTERNATIONAL STANDARD BOOK NUMBER
International Standard Book Number 9789389865264
040 ## - CATALOGING SOURCE
Original cataloging agency IN-DiNC
Transcribing agency IN-DiNC
041 ## - LANGUAGE CODE
Language code of sung or spoken text Assamese
082 ## - DEWEY DECIMAL CLASSIFICATION NUMBER
Classification number 491.451
Item number ASA
245 ## - TITLE STATEMENT
Title Asamiya bhashar shikshan paddhati/
Statement of responsibility, etc. ed. by Karabi Gogoi and Dipali Gogoi
250 ## - EDITION STATEMENT
Edition statement 1st ed.
260 ## - PUBLICATION, DISTRIBUTION, ETC.
Place of publication, distribution, etc. Dibrugarh:
Name of publisher, distributor, etc. Banalata,
Date of publication, distribution, etc. 2020
300 ## - PHYSICAL DESCRIPTION
Extent 134p.
650 ## - SUBJECT ADDED ENTRY--TOPICAL TERM
Topical term or geographic name entry element Assamese
650 ## - SUBJECT ADDED ENTRY--TOPICAL TERM
Topical term or geographic name entry element Teaching of Assamese language
700 ## - ADDED ENTRY--PERSONAL NAME
Personal name Gogoi, Karabi
Relator term Author
700 ## - ADDED ENTRY--PERSONAL NAME
Personal name Gogoi, Dipali
Relator term Author
942 ## - ADDED ENTRY ELEMENTS (KOHA)
Source of classification or shelving scheme Dewey Decimal Classification
Koha item type Books
Holdings
Withdrawn status Lost status Source of classification or shelving scheme Damaged status Not for loan Collection code Home library Current library Shelving location Date acquired Cost, normal purchase price Total Checkouts Full call number Barcode Date last seen Date last checked out Copy number Price effective from Koha item type
    Dewey Decimal Classification     Assamese Central Library, Naharkatiya College Central Library, Naharkatiya College General Stacks 28/11/2020 160.00 8 491.451 ASA 28554 12/11/2021 12/11/2021 5 28/11/2020 Books
    Dewey Decimal Classification     Assamese Central Library, Naharkatiya College Central Library, Naharkatiya College General Stacks 18/12/2020 160.00 9 491.451 ASA 28550 27/11/2024 26/10/2024 1 18/12/2020 Books
    Dewey Decimal Classification     Assamese Central Library, Naharkatiya College Central Library, Naharkatiya College General Stacks 18/12/2020 160.00 4 491.451 ASA 28551 24/02/2022 15/02/2022 2 18/12/2020 Books
    Dewey Decimal Classification     Assamese Central Library, Naharkatiya College Central Library, Naharkatiya College General Stacks 18/12/2020 160.00 3 491.451 ASA 28552 04/12/2021 12/11/2021 3 18/12/2020 Books
    Dewey Decimal Classification     Assamese Central Library, Naharkatiya College Central Library, Naharkatiya College General Stacks 18/12/2020 160.00 2 491.451 ASA 28553 26/09/2025 26/10/2021 4 18/12/2020 Books

Naharkatiya College © 2020. All rights reserved.

Powered By